Calculus : early transcendentals.

Bibliographic Details
Main Author: Anton, Howard
Other Authors: Bivens, Irl, Davis, Stephen, 1952-
Format: Book
Language:English
Published: New York : Wiley, c2010
Edition:Ninth edition.
Subjects:
Classic Catalogue: View this record in Classic Catalogue
LEADER 02052nam a2200337 a 4500
001 12301909
003 BD-DhAAL
005 20250715145253.0
008 090708s2010 nyu 001 0 eng d
010 |a  2001017831 
020 |a 9780470398753 
040 |a DLC  |c DLC  |d DLC  |d BD-DhAAL 
082 0 0 |a 515  |2 21 
100 1 |a Anton, Howard.  |9 20671 
245 1 0 |a Calculus :  |b early transcendentals. 
250 |a Ninth edition. 
260 |a New York :  |b Wiley,  |c c2010 
300 |a xx,1 v. (various pagings) :  |b ill. (some col.) ;  |c 27 cm.  
500 |a Includes index. 
526 |x Fardousi Ara Begum Assistant Professor Department of Mathematics and Natural Sciences Course name and no.: Differential calculus and coordinate geometry(MAT 110)  
541 1 |a Dhanshiri Library  |e 00018803 
650 0 |a Calculus.  |9 20672 
700 1 |a Bivens, Irl.  |9 20673 
700 1 |a Davis, Stephen,  |d 1952-  |9 20674 
852 4 |a Ayesha Abed Library  |j General shelf  
942 0 0 |0 1  |2 ddc  |c BK 
999 |c 2189  |d 2189 
952 |0 0  |1 4  |2 ddc  |4 0  |6 515_000000000000000_ANT  |7 0  |9 2016  |a BRACUL  |b BRACUL  |c GEN  |d 2009-07-09  |g 4400.00  |l 0  |o 515 ANT  |p 3010018803  |r 2009-07-09  |t 1  |w 2009-07-09  |y BK  |x Koha Inventory 2020 
952 |0 0  |1 0  |2 ddc  |4 0  |6 515_ANT_201000000000000  |7 0  |9 7701  |a BRACUL  |b BRACUL  |c GEN  |d 2010-02-02  |e Dhanshiri Library  |g 4400.00  |l 78  |m 232  |o 515 ANT  |p 3010018805  |r 2026-02-05  |s 2026-02-05  |t 2  |w 2010-02-02  |y BK  |x Requisitioned by Fardousi Ara Begum, Assistant Professor, Department of MNS. Course name and no. : Differential calculus and coordinate geometry ( MAT 110) 
952 |0 0  |1 4  |2 ddc  |4 0  |6 515_000000000000000_ANT  |7 0  |9 7777  |a BRACUL  |b BRACUL  |c GEN  |d 2010-02-04  |l 4  |m 15  |o 515 ANT  |p 3010018804  |r 2011-12-29  |s 2011-01-13  |t 4  |w 2010-02-04  |y BK  |x Koha Inventory 2020 
952 |0 0  |1 0  |2 ddc  |4 0  |6 515_ANT_201000000000000  |7 0  |9 8718  |a BRACUL  |b BRACUL  |c GEN  |d 2010-03-21  |e Dhanshiri Library  |l 51  |m 158  |o 515 ANT  |p 3010018806  |r 2026-05-21  |s 2026-03-05  |t 3  |w 2010-03-21  |y BK  |x Requisitioned by Fardousi Ara Begum, Assistant Professor, Department of MNS. Course name and no. : Differential calculus and coordinate geometry ( MAT 110)